Generative AI Security: (Record no. 683)

MARC details
000 -LEADER
fixed length control field 01405nam a2200409 a 4500
001 - CONTROL NUMBER
control field 683
003 - CONTROL NUMBER IDENTIFIER
control field MYCC
005 - DATE AND TIME OF LATEST TRANSACTION
control field 20260205102245.0
008 - FIXED-LENGTH DATA ELEMENTS--GENERAL INFORMATION
fixed length control field 260205s2024 sz a 000 0 eng d
020 ## - INTERNATIONAL STANDARD BOOK NUMBER
International Standard Book Number 9783031542510
Qualifying information hardback
020 ## - INTERNATIONAL STANDARD BOOK NUMBER
International Standard Book Number 9783031542527
Terms of availability ebook
022 ## - INTERNATIONAL STANDARD SERIAL NUMBER
International Standard Serial Number 2662-2467
022 ## - INTERNATIONAL STANDARD SERIAL NUMBER
International Standard Serial Number 2662-2475
040 ## - CATALOGING SOURCE
Original cataloging agency MYCC
Language of cataloging eng
Transcribing agency MYCC
Modifying agency MYCC
Description conventions rda
082 04 - DEWEY DECIMAL CLASSIFICATION NUMBER
Edition number 23
Classification number 005.8
090 00 - LOCALLY ASSIGNED LC-TYPE CALL NUMBER (OCLC); LOCAL CALL NUMBER (RLIN)
Classification number (OCLC) (R) ; Classification number, CALL (RLIN) (NR) 005.8
Location of book GEN
245 10 - TITLE STATEMENT
Title Generative AI Security:
Remainder of title Theories and Practices /
Statement of responsibility, etc. edited by Ken Huang, Yang Wang, Ben Goertzel, Yale Li, Sean Wright, Jyoti Ponnapalli.
246 30 - VARYING FORM OF TITLE
Title proper/short title Generative Artificial Intelligence Security
264 #1 - PRODUCTION, PUBLICATION, DISTRIBUTION, MANUFACTURE, AND COPYRIGHT NOTICE
Place of production, publication, distribution, manufacture Cham, Switzerland :
Name of producer, publisher, distributor, manufacturer Springer,
Date of production, publication, distribution, manufacture, or copyright notice [2024]
300 ## - PHYSICAL DESCRIPTION
Extent xxxv, 338 pages :
Other physical details colour illustrations, colour portraits :
Dimensions 24 cm.
336 ## - CONTENT TYPE
Source rdacontent
Content type term text
337 ## - MEDIA TYPE
Source rdamedia
Media type term unmediated
338 ## - CARRIER TYPE
Source rdacarrier
Carrier type term volume
490 1# - SERIES STATEMENT
Series statement Future of Business and Finance
500 ## - GENERAL NOTE
General note Includes questions at the end of each chapter.
504 ## - BIBLIOGRAPHY, ETC. NOTE
Bibliography, etc. note Include bibliographical references.
650 #0 - SUBJECT ADDED ENTRY--TOPICAL TERM
Topical term or geographic name entry element Computer networks
General subdivision Security measures.
650 #0 - SUBJECT ADDED ENTRY--TOPICAL TERM
Topical term or geographic name entry element Artificial intelligence.
700 1# - ADDED ENTRY--PERSONAL NAME
Personal name Ken, Huang
Relator term editor.
700 1# - ADDED ENTRY--PERSONAL NAME
Personal name Yang, Wang
Relator term editor.
700 1# - ADDED ENTRY--PERSONAL NAME
Personal name Goertzel, Ben
Relator term editor.
700 1# - ADDED ENTRY--PERSONAL NAME
Personal name Yale, Li
Relator term editor.
700 1# - ADDED ENTRY--PERSONAL NAME
Personal name Wright, Sean
Relator term editor.
700 1# - ADDED ENTRY--PERSONAL NAME
Personal name Ponnapalli, Jyoti
Relator term editor.
830 #0 - SERIES ADDED ENTRY--UNIFORM TITLE
Uniform title Future of Business and Finance
942 ## - ADDED ENTRY ELEMENTS (KOHA)
Source of classification or shelving scheme Dewey Decimal Classification
Koha item type Books
Holdings
Withdrawn status Lost status Source of classification or shelving scheme Damaged status Not for loan Permanent location Current location Shelving location Date acquired Total Checkouts Full call number Barcode Date last seen Price effective from Koha item type
    Dewey Decimal Classification     MYCC Library MYCC Library General stacks 05/02/2026   005.8 GEN 2024 11113 05/02/2026 05/02/2026 Books
    Dewey Decimal Classification     MYCC Library MYCC Library Reference 05/02/2026   005.8 GEN 2024 REF 11112 05/02/2026 05/02/2026 Reference

© 2024 Malaysia Competition Commission (MyCC) All Rights Reserved.

FOLLOW US ON